Normal view
MARC view
Entry Personal Name
001 - CONTROL NUMBER
- control field: 7658
003 - CONTROL NUMBER IDENTIFIER
- control field: Ke-BoTe
005 - DATE AND TIME OF LATEST TRANSACTION
- control field: 20220606145135.0
008 - FIXED-LENGTH DATA ELEMENTS
- fixed length control field: 220606|| aca||aabn | a|a d
040 ## - CATALOGING SOURCE
- Original cataloging agency: Ke-BoTe
- Transcribing agency: Ke-BoTe
100 ## - HEADING--PERSONAL NAME
- Personal name: Trowell, H. C.
- Fuller form of name: (Hubert Carey).
- Title of a work: Diseases of children in the subtropics and tropics
670 ## - SOURCE DATA FOUND
- Source citation: Work cat.: (Ke-BoTe)3605: Jelliffe, Derrick Brian. 7657, Diseases of children in the subtropics and tropics;, 1978.
